000 00418nam a2200181Ia 4500
005 20250423095333.0
008 250422s9999 xx 000 0 und d
020 _a9789788509264
050 _aKP 116 .A8/
100 _aAttah, Michael
245 0 _aFamily welfare law in Nigeria
250 _a1st ed.
260 _aBenin city
260 _bAmbik press ltd.
260 _c2016
300 _a287 p
942 _cBK
999 _c29966
_d29966